| 000 | 02076nam0a2200397 4500 | ||
|---|---|---|---|
| 001 | RU\NLR\bibl\1433386 | ||
| 005 | 20260408164455.0 | ||
| 010 |
_a978-5-88179-547-4 _9120 |
||
| 021 |
_aRU _b2009-71384 _94430 |
||
| 035 | _a(nilc)RSL-KNO-004380281 | ||
| 035 | _a(NLR Aleph) 001425285 | ||
| 090 |
_a1368259 _c1368259 |
||
| 100 | _a20090827d2009 |||y0rusy50 ca | ||
| 101 | 0 | _arus | |
| 102 | _aRU | ||
| 105 | _aa zzzz||||| | ||
| 200 | 1 |
_aАрхитектура. Основы проектирования зданий _eучебное пособие _fГ. В. Мартынова, М. В. Сергеева _gФедеральное агентство по образованию, Гос. образовательное учреждение высш. проф. образования Ухтинский гос. технический ун-т |
|
| 210 |
_aУхта _cУГТУ _d2009 |
||
| 215 |
_a150 с. _cил., табл. _d20 |
||
| 313 | _aвсех типов | ||
| 320 | _aБиблиогр.: с. 145-147 | ||
| 517 | 0 | _aОсновы проектирования зданий | |
| 606 | 1 |
_aЗдания _jУчебные издания для высших учебных заведений _xПланировка и строительство _9901588 _3RU\NLR\auth\667800 |
|
| 606 |
_aЗдания _xПроектирование _jУчебные издания для высших учебных заведений _3RU\NLR\auth\66459350 _91150979 |
||
| 686 |
_aН71-022я73-1 _2rubbk |
||
| 686 | _aН22я73-1 | ||
| 686 | _aЩ117-022я73 | ||
| 700 | 1 |
_4070 _8rus _7ca _aМартынова _bГ. В. _cспециалист в обл. архитектуры _gГалина Владимировна _3RU\NLR\auth\7783422 _966350 |
|
| 701 | 1 |
_4070 _8rus _7ca _aСергеева _bМ. В. _cспециалист в обл. архитектуры _gМария Владимировна _3RU\NLR\auth\7783417 _966345 |
|
| 801 | 0 |
_aRU _bРКП _c20090827 _grcr |
|
| 801 | 1 |
_aRU _bРГБ _c20090827 |
|
| 801 | 2 |
_aRU _bNLR _c20091103 _grcr |
|
| 942 | _cBOOK | ||
| 980 | _aNB | ||
| 980 | _aNBR | ||